000 00579nam a22001937a 4500
999 _c20139
_d20139
003 AR-CdUCM
008 190227b ||||| |||| 00| 0 spa d
040 _aMUNICIPALIDAD PROVINCIAL DEL CUSCO
_cBIBLIOTECA MUNICIPAL DEL CUSCO
082 _a344.03 /
_bE99
100 _aEzaine Chavez, Amado
_942120
245 _aDiccionario de derecho penal /
260 _aPerú :
_bJurídicas Lambayecanas,
_c1976.
300 _a268. páginas ;
_c25 cm.
650 _aDerechos
_96548
650 _aDiccionario
_95196
650 _aAbreviaturas
_913388
942 _2ddc
_cLIBROS
945 _arcc